_Interactive Read -Aloud Anthology with plays McGrawhill (Record no. 12737)
[ view plain ]
| 000 -LEADER | |
|---|---|
| fixed length control field | 00377nam a2200133Ia 4500 |
| 008 - FIXED-LENGTH DATA ELEMENTS--GENERAL INFORMATION | |
| fixed length control field | 151021s9999 xx 000 0 und d |
| 020 ## - INTERNATIONAL STANDARD BOOK NUMBER | |
| International Standard Book Number | 2192029 |
| 050 ## - LIBRARY OF CONGRESS CALL NUMBER | |
| Classification number | LB 1573 .M 1998 |
| 245 ## - TITLE STATEMENT | |
| Title | _Interactive Read -Aloud Anthology with plays McGrawhill |
| 260 ## - PUBLICATION, DISTRIBUTION, ETC. (IMPRINT) | |
| Place of publication, distribution, etc. | NewYork McGraw hill 2003 |
| 300 ## - PHYSICAL DESCRIPTION | |
| Extent | 260p.ill |
| 650 ## - SUBJECT ADDED ENTRY--TOPICAL TERM | |
| Topical term or geographic name as entry element | _Anthology |
| 980 ## - EQUIVALENCE OR CROSS-REFERENCE-SERIES STATEMENT--PERSONAL NAME/TITLE [LOCAL, CANADA] | |
| Personal name | ^d20120830 04:46:38^oanne |
No items available.